| 000 | 04483cgm a2200805Ii 4500 | ||
|---|---|---|---|
| 001 | on1106558368 | ||
| 003 | OCoLC | ||
| 005 | 20231227141103.0 | ||
| 007 | vd cvaizq | ||
| 008 | 190701s2019 cau086 j vaeng d | ||
| 024 | 1 | _a191329082959 | |
| 028 | 4 | 2 |
_a61200080 _bUniversal Pictures Home Entertainment |
| 028 | 4 | 2 |
_a1083426 _bUniversal Pictures Home Entertainment |
| 028 | 4 | 2 |
_a2107062 _bUniversal Pictures Home Entertainment |
| 035 | _a(OCoLC)1106558368 | ||
| 037 |
_bMidwest Tape _nhttp://www.midwesttapes.com |
||
| 040 |
_aTEFMT _beng _erda _cTEFMT _dOCLCO _dTEF _dOCLCF _dINO _dUOK |
||
| 041 | 1 |
_aeng _afre _aspa _heng |
|
| 043 | _an-us-ny | ||
| 049 | _aUOKA | ||
| 050 | 4 |
_aPN1997.2 _b.S43 2019 |
|
| 082 | 0 | 4 |
_a791.43/72 _223 |
| 092 | _aDVD J SECRET LIF | ||
| 245 | 0 | 4 | _aThe secret life of pets 2 |
| 246 | 3 | _aSecret life of pets two | |
| 264 | 1 |
_aUniversal City, CA : _bUniversal Pictures Home Entertainment, _c[2019] |
|
| 300 |
_a1 videodisc (86 min.) : _bsound, color ; _c4 3/4 in. |
||
| 336 | _atwo-dimensional moving image | ||
| 337 | _avideo | ||
| 338 | _avideodisc | ||
| 500 | _aOriginally released as a theatrical motion picture. | ||
| 500 | _aSpecial features: Mini-movies: Suger gidget and Minion scouts ; The making of mini-movies ; Deleted scenes ; Lyric videos ; making-of featurette ; How to draw ; how to make a flip book ; Character pods ; The further adventures of Captain Snowball ; A party fit for a pet ; Pop's puppy training school with Kevin Hart ; Pet's yule log. | ||
| 508 | _aEditor, Tiffany Hillkurtz ; music, Alexandre Desplat. | ||
| 511 | 0 | _aVoices: Patton Oswalt, Kevin Hart, Eric Stonestreet, Jenny Slate, Tiffany Haddish, Lake Bell, Nick Kroll, Dana Carvey, Ellie Kemper, Chris Renaud, Hannibal Buress, Bobby Moynihan, Harrison Ford. | |
| 520 | _aTerrier Max is coping with some major life changes. His owner is now married and has a toddler, Liam. Max is so worried about protecting the boy that he develops a nervous tic. On a family trip to a farm, Max and Duke encounter many creatures who elevates Max's anxiety. Luckily, Max gets some guidance from veteran farm dog Rooster, who pushes Max to ditch his neuroses, find his inner alpha, and give Liam a little more freedom. Can Max and the gang find the courage to face their biggest fears? | ||
| 521 | 8 | _aMPAA rating: PG; for some action and rude humor. | |
| 538 | _aDVD, NTSC, region 1, anamorphic wide screen (1.85:1) presentation; Dolby digital 5.1 surround, Dolby digital 2.0 stereo. | ||
| 546 | _aIn English, French or Spanish with optional English, French or Spanish subtitles; closed-captioned; descriptive audio. | ||
| 650 | 0 |
_aPets _vJuvenile drama. _95797426 |
|
| 651 | 0 |
_aManhattan (New York, N.Y.) _vJuvenile drama. _95797427 |
|
| 655 | 7 |
_aFeature films _2lcgft _9102699 |
|
| 655 | 7 |
_aChildren's films _2lcgft _95674336 |
|
| 655 | 7 |
_aAnimated films _2lcgft _9102635 |
|
| 655 | 7 |
_aAction and adventure films _2lcgft _95674017 |
|
| 655 | 7 |
_aFiction films _2lcgft _95674705 |
|
| 655 | 7 |
_aVideo recordings for the hearing impaired _2lcgft _95797428 |
|
| 655 | 7 |
_aVideo recordings for people with visual disabilities _2lcgft _95676923 |
|
| 700 | 1 |
_aRenaud, Chris _efilm director, _evoice actor. _95715531 |
|
| 700 | 1 |
_aLynch, Brian _q(Brian Michael), _d1973- _escreenwriter. _95694050 |
|
| 700 | 1 |
_aMeledandri, Chris _efilm producer. _95937159 |
|
| 700 | 1 |
_aHealy, Janet _efilm producer. _95937160 |
|
| 700 | 1 |
_aOswalt, Patton, _d1969- _evoice actor. _956514 |
|
| 700 | 1 |
_aHart, Kevin, _d1979- _evoice actor. _95778813 |
|
| 700 | 1 |
_aStonestreet, Eric, _d1971- _evoice actor. _95692815 |
|
| 700 | 1 |
_aSlate, Jenny, _d1982- _evoice actor. _95913423 |
|
| 700 | 1 |
_aHaddish, Tiffany, _d1979- _evoice actor. _95766116 |
|
| 700 | 1 |
_aBell, Lake, _d1979- _evoice actor. _95885864 |
|
| 700 | 1 |
_aKroll, Nick _evoice actor. _95734120 |
|
| 700 | 1 |
_aCarvey, Dana _evoice actor. _958783 |
|
| 700 | 1 |
_aKemper, Ellie, _d1980- _evoice actor. _95866519 |
|
| 700 | 1 |
_aBuress, Hannibal _evoice actor. _95715530 |
|
| 700 | 1 |
_aMoynihan, Bobby, _d1977- _evoice actor. _96373208 |
|
| 700 | 1 |
_aFord, Harrison, _d1942- _evoice actor. _921898 |
|
| 710 | 2 |
_aUniversal Pictures (Firm) _epresenter. _919584 |
|
| 710 | 2 |
_aIllumination Entertainment _95797435 |
|
| 710 | 2 |
_aChris Meledandri Productions. _95797436 |
|
| 710 | 2 |
_aUniversal Pictures Home Entertainment (Firm) _epublisher. _95718834 |
|
| 942 |
_2ddc _cDVD |
||
| 999 |
_c248157 _d248157 |
||
| 999 | _b03469925 | ||